000
00307cam a22001217a 4500
008
180718b1967 xxu||||| |||| 00| 0 eng d
082
_a
I5511 B167
100
_a
Bajpai,O. P.
245
_a
Foundations of statistics
_c
By O. P. Bajpai
260
_a
Bombay
_b
Asia
_c
1967
300
_a
572p
650
_a
Statistics
999
_c
409363
_d
409363